000 00507cam a2200181ua 4500
001 5577
008 131004n ii |||gr||||Z||||||eng
020 _a81-8324-233-2
040 _cMAIN
082 _a305.4
245 1 1 _aAssamese Women in Indian Independence Movement
_cBy Guptajit Pathak
260 _aNew Delhi:
_bMittal Publications,
_c2008.
300 _axx,124.
653 _aSociology
653 _aAssamese Women in Indian Independence Movement
700 1 _aPathak,Guptajit,
_eAuthor.
942 _cBK
999 _c4740
_d4740